书目信息 |
| 题名: |
档案信息网络化建设
|
|
| 作者: | 赵屹 著 | |
| 分册: | ||
| 出版信息: | 北京 北京图书馆出版社 2003.10 |
|
| 页数: | 291页 | |
| 开本: | 20cm | |
| 丛书名: | ||
| 单 册: | ||
| 中图分类: | G270.7 | |
| 科图分类: | ||
| 主题词: | 档案学 , 档案工作 | |
| 电子资源: | ||
| ISBN: | 978-7-5013-2163-6 | |
| 000 | 00571nam0 2200205 450 | |
| 001 | 1929516947 | |
| 005 | 20191122081312.85 | |
| 010 | @a978-7-5013-2163-6@dCNY20.00 | |
| 100 | @a20191122d2003 km y0chiy0120 ea | |
| 101 | 0 | @achi |
| 102 | @aCN@b110000 | |
| 200 | 1 | @a档案信息网络化建设@Adang an xin xi wang luo hua jian she@f赵屹著@Fzhao yi zhu |
| 210 | @a北京@c北京图书馆出版社@d2003.10 | |
| 215 | @a291页@d20cm | |
| 606 | 0 | @a档案学 |
| 606 | 0 | @a档案工作 |
| 690 | @aG270.7@v4 | |
| 701 | 0 | @a赵屹@Azhao yi@4著 |
| 801 | 0 | @aCN@bMUSE@c20191122 |
| 905 | @aMUSE@dG270.7@eZ343 | |
| 档案信息网络化建设/赵屹著.-北京:北京图书馆出版社,2003.10 |
| 291页;20cm |
| ISBN 978-7-5013-2163-6:CNY20.00 |
| ● |
| 相关链接 |
|
|
|
正题名:档案信息网络化建设
索取号:G270.7/Z343
 
预约/预借
| 序号 | 登录号 | 条形码 | 馆藏地/架位号 | 状态 | 备注 |
| 1 | 1452623 | 214526235 | 社科库409/409社科库 60排3列1层/ [索取号:G270.7/Z343] | 在馆 |